000 00846nam a2200277Ia 4500
001 AUWbook002692
003 BDCtgAUW
005 20260406155229.0
008 220908s9999 xx 000 0 eng d
040 _aBDCtgAUW
_cBDCtgAUW
050 _aNE215.U5N43
100 1 _aThe New York Public Library.
_916584
245 0 _aAmerican historical prints--early views of american cities.
260 _aNew York :
_bthe New York public library,
_c1933.
300 _axxxiii, 235 pages.
650 0 _aEngraving
_zNew York(State)
_xCatalogs.
_991307
650 0 _aGraphic Arts.
651 0 _aAmerica
_xPictorial works.
_980253
651 0 _aUnited States
_vMaps
_xEarly.
_980254
651 0 _aUnited States
_xPictorial works.
_980255
700 1 _aHaskell, Daniel C.
_916590
887 _a BRAC
_22982
888 _22982
942 _cBK
_00
945 _cBK
999 _c18194
_d18194